00353nam a2200121Ia 4500008004100000041000800041082001700049100001600066245004400082260006200126300003200188365001100220240624s9999 xx 000 0 und d aeng a332.6327 SEN aSEN JOYDEEP aMUTUAL FUNDS IN INDIA VEHICLE FOR FIXED c2013aNew DelhibShroff Publishers & Distributors Pvt Ltd axvii, : 245 : p. : cm. ; 22 cRSb30